Universidad de América, monumento nacional, Casa de los Derechos de don Antonio Nariño : (Registro nro. 7208)
[ vista simple ]
| 000 -LEADER | |
|---|---|
| fixed length control field | 01007nam a22002177a 4500 |
| 003 - CONTROL NUMBER IDENTIFIER | |
| control field | OSt |
| 005 - DATE AND TIME OF LATEST TRANSACTION | |
| control field | 20210217105358.0 |
| 008 - FIXED-LENGTH DATA ELEMENTS--GENERAL INFORMATION | |
| fixed length control field | 210217s2008 ck ao||gr|||| 00| 0 spa d |
| 020 ## - INTERNATIONAL STANDARD BOOK NUMBER | |
| International Standard Book Number | 9789584433695 |
| 040 ## - CATALOGING SOURCE | |
| Original cataloging agency | CO-JMCR |
| Transcribing agency | CO-JMCR |
| 041 0# - LANGUAGE CODE | |
| Language code of text/sound track or separate title | spa |
| 082 04 - DEWEY DECIMAL CLASSIFICATION NUMBER | |
| Classification number | 725.94 / |
| Item number | P855u |
| Edition number | 23 |
| 100 1# - MAIN ENTRY--PERSONAL NAME | |
| Personal name | Posada, Jaime, |
| Relator term | autor |
| 9 (RLIN) | 13545 |
| 245 10 - TITLE STATEMENT | |
| Title | Universidad de América, monumento nacional, Casa de los Derechos de don Antonio Nariño : |
| Remainder of title | Plazuela de San Carlos, sector histórico. Barrio La Candelaria |
| Statement of responsibility, etc. | Jaime Posada |
| 260 ## - PUBLICATION, DISTRIBUTION, ETC. | |
| Place of publication, distribution, etc. | Bogotá : |
| Name of publisher, distributor, etc. | Ediciones Universidad de América, |
| Date of publication, distribution, etc. | 2008 |
| 300 ## - PHYSICAL DESCRIPTION | |
| Extent | 48 páginas : |
| Other physical details | ilustraciones y fotografías a color y blanco y negro ; |
| Dimensions | 24 cm. |
| 505 0# - FORMATTED CONTENTS NOTE | |
| Formatted contents note | Renacimiento de la historia remota -- Qué recuerda el claustro la Expedición Botánica -- El instituto de Historia Nacional y Americana Francisco Posada Díaz |
| 650 14 - SUBJECT ADDED ENTRY--TOPICAL TERM | |
| Topical term or geographic name entry element | Monumentos históricos |
| Geographic subdivision | Bogotá |
| 9 (RLIN) | 13546 |
| 650 24 - SUBJECT ADDED ENTRY--TOPICAL TERM | |
| Topical term or geographic name entry element | Casa de los Derechos |
| Form subdivision | Historia. |
| Geographic subdivision | (Bogotá, Colombia) |
| 9 (RLIN) | 13547 |
| 942 ## - ADDED ENTRY ELEMENTS (KOHA) | |
| Source of classification or shelving scheme | Dewey Decimal Classification |
| Koha item type | Books |
| Withdrawn status | Lost status | Source of classification or shelving scheme | Damaged status | Not for loan | Home library | Current library | Shelving location | Date acquired | Source of acquisition | Total Checkouts | Full call number | Barcode | Date last seen | Date last checked out | Copy number | Price effective from | Koha item type |
|---|---|---|---|---|---|---|---|---|---|---|---|---|---|---|---|---|---|
| Dewey Decimal Classification | Biblioteca Pública José María del Castillo y Rada | Biblioteca Pública José María del Castillo y Rada | General Stacks | 10/02/2020 | Donación | 1 | 725.94 / P855u | 201810358 | 08/15/2025 | 08/14/2025 | Ej.1 | 10/02/2020 | Books |